00622 2200253 4500001002100000005001500021035002000036008004100056020001800097082001400115084002000129100001400149245004500163250001400208260003000222300002500252650001100277650002400288504001200312990001100324990001100335990001100346990001100357INLIS00000000000783520260130031006 a0010-0721003094260130 g 0 ind  a9789792917758 a658.403 8 a658.403 8 JOG s0 aJogiyanto1 aSistem Tatakelola :bTeknologi Informasi aCetakan 1 aYogyakarta :bAndi,c2011 a418 halaman ;c23 cm 4aBisnis 4aTeknologi Informasi a395-418 a043938 a043934 a043935 a043936